00390cam a22001337a 4500008004000000020001500040082001800055100001700073245004400090260002600134300001000160650003200170650005400202180718b2005 xxu||||| |||| 00| 0 eng d a8121208599 aA99/N164 P973 aPuri, Balraj aJP on Jammu and Kashmircby Balraj Puri aNew DelhibGyanc2005 a285p. aJammu and Kashmir - History aNarayan, Jayaprakash - Views on Jammu and Kashmir